LEADER 01152nam a2200265 i 4500 001 000000176750 003 CaOOAMICUS 005 20081218000000.0 008 081218s1988 it u000 u ita u 013 $a154239 040 $aSeMil$bita 245 10$aLiturgia eucaristica bizantina /$cA cura di Maria Benedetta Artioli ; prefazione di Mons. Mario Rizzi. 260 $aTorino :$bGribaudi,$ccopyr. 1988. 300 $a180 p. ;$c20 cm. 490 0 $aLe grandi preghiere ;$v1 500 $aDono di don Romano Martinelli. 650 4$aEucaristia - Liturgia bizantina.$0(OLS)http://semarc/subject/33711 700 1 $aRizzi, Mario .$0(OLS)http://semarc/name/65779 700 1 $aArtioli, Maria Benedetta,$d<1945- >.$0(OLS)http://semarc/name/4489 830 3$aLe grandi preghiere ;$v1.$0(OLS)http://semarc/title/27054 850 $aSeMil 852 $aSeMil$W1$xVenegono$y1$m3K III 508$j127570$B127570$CSeMilBibl$Z2$F140854 $81 961 $aOmaggio: Martinelli don Romano 996 $6245$aLiturgia eucaristica bizantina$9(OLS)http://semarc/title/253783 996 $6260$aTorino :$bGribaudi$9(OLS)http://semarc/publisher/31540 LEADER 00995nam a2200229 i 4500 001 000000081657 003 CaOOAMICUS 005 20180220000000.0 008 180220s1876 xx u000 u ger u 013 $a53897 040 $aSeMil$bita 100 1 $aKugler, Franz Xaver.$0(OLS)http://semarc/name/78661 245 10$aGeschichte Friedrichs des Großen /$cgeschrieben von Franz Kugler ; gezeichnet von Adolph Menzel. 250 $aNeue durchgesehene Aufl. 260 $aLeipzig :$bMendelssohn,$c1876. 300 $aXVIII, 521 p. :$bill. ;$c25 cm. 600 04$aFederico II : di Hohenzollern .$0(OLS)http://semarc/subject/12706 700 1 $aMenzel, Adolf,$d<1857-1938>.$0(OLS)http://semarc/name/91746 850 $aSeMil 852 $aSeMil$W1$xVenegono$y1$m3T V 34 FA$j46862$B46862$CSeMilBibl$Z2$F49256 $8I 996 $6245$aGeschichte Friedrichs des Großen$9(OLS)http://semarc/title/404673 996 $6260$aLeipzig :$bMendelssohn$9(OLS)http://semarc/publisher/56647